[Event "Stara Zagora zt-A"]
[Site "Stara Zagora"]
[Date "1990.??.??"]
[Round "6"]
[White "Ninov, Kiril"]
[Black "Ftacnik, Lubomir"]
[Result "0-1"]
[WhiteElo "2465"]
[BlackElo "2560"]
[Annotator "Ftacnik,L"]
[PlyCount "88"]
[EventDate "1990.02.??"]
[EventType "tourn"]
[EventRounds "13"]
[EventCountry "BUL"]
[EventCategory "9"]
[SourceTitle "CBM 017"]
[Source "ChessBase"]
[SourceDate "1990.08.01"]
[SourceVersion "1"]
[SourceVersionDate "1990.08.01"]
[SourceQuality "1"]

1. Nf3 Nf6 2. c4 g6 3. Nc3 Bg7 4. g3 O-O 5. Bg2 d5 6. cxd5 Nxd5 7. O-O Nc6 8.
d4 Nb6 9. e3 Re8 10. d5 Na5 11. Nd4 Bd7 12. a4 (12. Nb3 Nxb3 13. axb3 c6 14.
dxc6 Bxc6 15. e4 Qxd1 16. Rxd1 Rad8 17. Be3 Nc8 $10 {Yusupov,A-Kasparov,G/
Beograd/1989/}) 12... Rc8 13. Nb3 $6 {N} Nbc4 $1 (13... Nxb3 $6 14. Qxb3 a5 15.
Rd1) 14. Nc5 (14. e4 c6 15. Nc5 cxd5 16. Nxd7 Qxd7 17. Nxd5 Red8 $17) (14. Nxa5
Nxa5 15. e4 c6) 14... c6 15. Nxd7 (15. dxc6 Bxc6 16. e4 Qb6 $17) 15... Qxd7 16.
dxc6 Qxd1 17. Rxd1 bxc6 $5 (17... Nxc6 18. Rd7 Red8 19. Rxb7 Bxc3 20. bxc3 Rd1+
21. Bf1 Rcd8 $17) 18. Bf1 (18. e4 Nb3 (18... Red8 $1) 19. Rb1 Nxc1 20. Rbxc1 (
20. Rdxc1 Nd2 21. Ra1 Nb3 $19) 20... Nxb2 21. Rd7 $132) 18... Red8 19. Ra2 $5 (
19. Be2 $5 Nb3 20. Rb1 Rxd1+ 21. Nxd1 (21. Bxd1 Nxc1 22. Rxc1 Nxb2 23. Bb3 $17)
21... Nb6 22. e4 {/\ Be3}) 19... Bxc3 20. Rxd8+ Rxd8 21. bxc3 Rd1 22. Rc2 (22.
Ba3 Nd2 $19) 22... e5 (22... Nb3 23. Kg2 $8 Rxc1 (23... Na1 $1 24. Ra2 Rxc1 25.
Bxc4 Kg7 $17) 24. Rxc1 Nxe3+ 25. fxe3 (25. Kf3 Nxc1 26. Kxe3 Nb3 27. Kd3 $40)
25... Nxc1 26. Bc4 e5 27. e4 Kg7 28. Kf3 f5 29. exf5 gxf5 30. Ke3 e4 31. Kd2
Nd3 32. Bxd3 exd3 33. Kxd3) (22... f5 23. Kg2 e5 (23... Re1 24. Bd3 e5 25. e4
fxe4 26. Be2 {/\ Bg6}) 24. e4 $1 fxe4 25. Be2 Rd7 26. Bh6 $132) 23. e4 $5 (23.
Kg2 e4 24. Be2 Rd7 (24... Rd3 $5) 25. f3 f5 {/\ Rb7-b1-a1-/+}) 23... Nb3 24.
Kg2 $8 Na1 $1 25. Be2 Re1 26. Ra2 Rxc1 27. Bxc4 Kg7 $1 28. Ra3 $2 (28. Be2 Nb3
29. Ra3 Nd2 $1 (29... Nc5 30. Kf3 g5 31. Ke3 Rh1) 30. Bd3 Re1 $17) (28. a5 Nc2
$1 29. Kf3 (29. Kh3 Ne1 30. Ra3 Rc2 31. Rb3 Rxf2) 29... Ne1+ 30. Ke2 Rxc3 31.
Bxf7 Nf3 $1 $17) 28... Nc2 29. Rb3 (29. Ra2 Ne1+ 30. Kf1 Nf3+ 31. Ke2 Rxc3 $19)
29... Ne1+ 30. Kh3 (30. Kf1 Nd3+ 31. Ke2 Nc5 32. Ra3 Nxe4 $17) 30... Rc2 $1 (
30... Nf3 31. Rb7 Ng5+ 32. Kg2 Rxc3 33. Bb3 {/\ h4}) 31. Rb7 (31. f4 Nf3 32.
Rb7 Ng1+ $1 33. Kg4 h5+) 31... Rxf2 32. Rxa7 h5 33. a5 (33. g4 Rf3+ 34. Kh4 Kh6
35. g5+ (35. gxh5 gxh5) 35... Kg7 36. Rxf7+ Rxf7 37. Bxf7 Kxf7 38. a5 Nf3+ 39.
Kg3 Nxg5 40. a6 Ne6 41. a7 Nc7) 33... g5 (33... Nf3 34. g4 h4 35. g5 $1) (33...
Kh6 $1 34. Rxf7 (34. a6 Nf3 35. g4 h4 36. g5+ Kxg5) 34... Nf3 35. Rxf3 Rxf3 36.
a6 Rxc3 $19) 34. Rxf7+ $8 Rxf7 35. Bxf7 Kxf7 36. g4 (36. a6 g4+ 37. Kh4 Kg6)
36... h4 $8 37. a6 Nd3 38. Kg2 $8 Nf4+ 39. Kf3 Ne6 40. a7 Nc7 41. Ke3 Ke6 42.
Kd3 Kd6 43. Kc4 c5 44. Kb3 Kc6 {Ftacnik,L} 0-1

[Event "FRA-ch"]
[Site "Montpellier"]
[Date "1991.??.??"]
[Round "?"]
[White "Anic, Darko"]
[Black "Kouatly, Bachar"]
[Result "0-1"]
[WhiteElo "2410"]
[BlackElo "2485"]
[Annotator "Ftacnik,L"]
[PlyCount "80"]
[EventDate "1991.08.??"]
[EventType "tourn"]
[EventRounds "15"]
[EventCountry "FRA"]
[EventCategory "8"]
[SourceTitle "CBM 027"]
[Source "ChessBase"]
[SourceDate "1992.04.01"]
[SourceVersion "1"]
[SourceVersionDate "1992.04.01"]
[SourceQuality "1"]

1. Nf3 Nf6 2. c4 g6 3. g3 Bg7 4. Bg2 O-O 5. O-O d5 6. cxd5 Nxd5 7. d4 Nb6 8.
Nc3 Nc6 9. d5 Na5 10. e4 c6 11. Bg5 h6 12. Bf4 Nac4 13. Qe2 g5 14. Bc1 cxd5 15.
exd5 Bg4 16. Qe4 $6 (16. h3 Bh5 17. Rd1 (17. g4 Bg6 18. Rd1 Qc7 $1 19. Nd4 Qe5
20. b3 Qxe2 {0,5/De Boer,G-Van Mil,J/NLD-ch/1991/}) 17... Rc8 18. g4 Bg6 19.
Nd4 Qd7 20. b3 Nd6 21. Bb2 $16 {Stangl,M-Luecke,N/Altensteig/1989/}) 16... Qd7
17. Re1 Rfe8 18. h4 Bf5 19. Qe2 e6 $1 20. d6 (20. dxe6 Rxe6 21. Qd1 Rxe1+ 22.
Qxe1 Re8 $17) (20. hxg5 exd5 21. Qd1 d4 $17) 20... g4 21. Nh2 (21. Nd2 Nxd6 $17
) 21... h5 22. Rd1 Nxd6 23. Be3 (23. Bf4 e5 24. Be3 $17) 23... Rad8 24. a4 (24.
Ne4 Nd5 25. Nxd6 Qxd6 26. Bxa7 b6 $17) 24... Qc7 25. a5 Nbc4 26. Bd4 (26. Bxa7
Nxb2 27. Qxb2 Bxc3 28. Qc1 Rc8 $17) 26... Bxd4 27. Rxd4 Nxa5 28. Qe3 Nb3 $19
29. Nd5 exd5 30. Qxb3 Be4 31. Rxa7 Qc5 32. Raa4 b5 33. Rab4 Bxg2 34. Kxg2 Nc4
35. Qc3 Re2 36. Nxg4 Rd6 (36... hxg4 37. Rxg4+ Kf8 38. Qg7+ Ke7 39. Rf4 $40)
37. Nh2 Rf6 38. Rg4+ (38. Rf4 Qxf2+ 39. Rxf2 Rfxf2+ 40. Kg1 Rg2+ 41. Kf1 Nd2+
42. Qxd2 Rxd2 $19) 38... hxg4 39. Qxf6 Ne3+ 40. Kg1 Qc1+ {Ftacnik,L} 0-1

[Event "Petrov Memorial op"]
[Site "St Petersburg"]
[Date "1996.??.??"]
[Round "4"]
[White "Loginov, Valery A"]
[Black "Orlov, Vassily"]
[Result "1-0"]
[WhiteElo "2525"]
[BlackElo "2405"]
[Annotator "Ftacnik,L"]
[PlyCount "99"]
[EventDate "1996.02.??"]
[EventType "swiss"]
[EventRounds "9"]
[EventCountry "RUS"]
[SourceTitle "CBM 052"]
[Source "ChessBase"]
[SourceDate "1996.06.01"]
[SourceVersion "1"]
[SourceVersionDate "1996.06.01"]
[SourceQuality "1"]

1. Nf3 d5 2. g3 g6 3. c4 Nf6 4. cxd5 Nxd5 5. Bg2 Bg7 6. d4 O-O 7. O-O Nc6 8.
Nc3 Nb6 9. e3 e5 10. d5 Na5 11. e4 c6 12. Bg5 f6 13. Be3 cxd5 14. exd5 Nac4 15.
Bc5 Rf7 16. b3 (16. Nd2 Bg4 (16... Bf8 17. Bxf8 Qxf8 18. b3 Nd6 19. a4 Bf5 20.
a5 Nd7 21. b4 Bd3 22. Re1 f5 23. Nf3 e4 24. Ng5 Re7 25. Ne6 Qf6 {1/2-1/2
Gligoric,S-Savon,V/Skopje-Ohrid/1968/ (42)}) (16... f5 17. Nxc4 Nxc4 18. Qe2
Nd6 19. Rac1 Qf6 20. Nb5 Nxb5 21. Qxb5 b6 22. Qe8+ Bf8 23. Bxf8 Rxf8 24. Qc6
Ba6 25. Rfe1 e4 26. Qxf6 Rxf6 27. f3 {1/2-1/2 Tukmakov,V-Lalic,B/Sochi/1987/ 
(50)}) 17. Qxg4 Nxd2 18. Rfd1 f5 19. Qb4 Nbc4 20. Nb1 e4 21. Rxd2 Nxd2 22. Qxd2
Rc8 23. Be3 b5 24. Nc3 Qa5 25. Bf1 a6 26. Bd4 {1-0 Schoebel,W-Roeschlau,B/
BL2-W 9293/1993/ (51)}) 16... Nd6 (16... Rc7 17. Bb4 e4 18. Nxe4 Bf5 19. Nd4 a5
20. Nxf5 gxf5 21. Nc5 Qc8 22. Ne6 Nb2 23. Qd4 axb4 24. Nxc7 Qxc7 25. d6 Qd8 26.
Qxb2 Qxd6 27. Bxb7 {1-0 Toshkov,T-Chabanon,J/Geneve YM/1989/ (41)}) 17. Nd2 (
17. a4 Bg4 18. a5 Nbc8 19. Qd2 Bf8 (19... Bxf3 20. Bxf3 f5 21. Bg2 Rd7 22. Rfd1
Rb8 23. Bb4 Bf8 24. Na4 b6 25. axb6 axb6 26. Rac1 Nf7 27. Bxf8 Qxf8 28. Rc6 e4
{1/2-1/2 Pigusov,E-Conquest,S/Dordrecht/1988/ (63)}) 20. b4 (20. Ne1 Bf5 21.
Be3 Bd7 22. Nd3 Nf5 23. Nc5 Nxe3 24. Qxe3 Nd6 25. Ne6 Qe7 {1/2-1/2 Tukmakov,
V-Gavrikov,V/URS-ch52 Riga (18)/1985/ (44)}) 20... Rc7 21. Qd3 Bxf3 22. Bxf3
Rb8 23. Rfd1 b6 24. axb6 axb6 25. Be3 f5 26. Be2 Bg7 27. Rac1 Qf6 {0-1 Griffin,
D-Frois,A/EU-chT Haifa (05)/1989/ (40)}) 17... f5 18. Rc1 Ne8 (18... e4 19.
Bxd6 Qxd6 20. Nc4 (20. Nb5 Qd7 $17) 20... Nxc4 21. bxc4 Rd7 $15) 19. d6 $1 Be6
(19... Nxd6 20. Nde4 $1 fxe4 21. Nxe4 Bg4 22. Qxg4 Nxe4 23. Qxe4 $14) 20. Nb5
a6 (20... Nc8 $5 21. Nc4 a6 22. Nc3 Bxc4 23. bxc4 e4 24. f3 $13) 21. Nc7 Nxc7
22. Bxb6 Qxd6 23. Nc4 $1 (23. Bc5 Qd3 24. Bxb7 Rd8) 23... Qxd1 24. Rfxd1 Ne8 (
24... Nb5 $5 25. Nxe5 (25. a4 Nd4 26. Nxe5 (26. Bxd4 exd4 27. Nd6 Rd7 $17)
26... Ne2+ 27. Kf1 Bxe5 28. Kxe2 Bxb3 $17) (25. Nd6 Nxd6 26. Rxd6 Re8 27. Rcd1
e4 $15) 25... Bxe5 26. Re1 Nc3 27. Rxe5 Nxa2 28. Rb1 $13) 25. Nxe5 $1 Bxe5 26.
Re1 Bc7 (26... Bxg3 27. hxg3 Ng7 28. Re3 $44) 27. Rxe6 Ng7 (27... Bxb6 28. Rxb6
Rd8 29. Bxb7 $16) 28. Bxb7 $1 Nxe6 (28... Rb8 29. Bxc7 Rxb7 30. Rec6 $18) 29.
Bxa8 Bxb6 30. Bd5 Nd4 (30... Re7 31. Rc6 $18) (30... Nc5 31. Kg2 Kg7 32. Bxf7
Kxf7 33. b4 Nd3 34. Rc6) 31. Rc8+ Kg7 32. Bxf7 Kxf7 {Black's problem is the
potential weakness of pawns on both sides of the board.} 33. b4 $1 (33. Ra8 a5)
33... Ke6 (33... a5 $2 34. Rb8 Bc7 35. Rb7 Ne6 36. bxa5 $18) 34. Ra8 Kd5 35.
Rxa6 Kc6 36. Ra8 Nf3+ {The knight will try to save the day with many jumps,
but black is in trouble because of the kingside pawn weakness.} (36... Kb5 37.
Rb8) 37. Kg2 (37. Kh1 Kb5) 37... Ne1+ 38. Kf1 Nd3 39. Rh8 Nxf2 $6 (39... Nxb4
40. Rxh7 Nxa2 41. Rg7 Kd5 42. Rxg6 $16) 40. a4 $1 Ng4 (40... Nd3 41. a5 Bc7 42.
a6 Bb6 43. Rxh7 Nxb4 44. a7 Bxa7 45. Rxa7 $18) 41. Rxh7 Bd4 (41... Ne3+ 42. Ke2
Nd5 43. Rg7 Nxb4 44. Rxg6+ $16) 42. Ke2 Ne5 43. h4 Ng4 (43... Bc3 44. a5 Bxb4
45. a6 Nc4 46. a7 Nb6 47. Rg7 Bc5 48. Kf3 $16) 44. h5 $1 g5 (44... gxh5 45.
Rxh5 Ne3 46. Kd3 Kd5 47. Rh7 $18) 45. h6 Be5 46. a5 $1 (46. Kf3 Kd5 47. a5 Nf6
48. a6 $18) 46... Bxg3 (46... Kb5 47. Rb7+ Ka6 48. Rb6+ Ka7 49. h7 $18) 47. a6
Bf2 48. a7 Bxa7 49. Rxa7 Nxh6 50. Ra6+ 1-0

[Event "ISR-chT"]
[Site "Ramat Aviv"]
[Date "2000.03.10"]
[Round "5.2"]
[White "Zifroni, Dov"]
[Black "Gofshtein, Leonid D"]
[Result "0-1"]
[WhiteElo "2531"]
[BlackElo "2580"]
[Annotator "Ftacnik,L"]
[PlyCount "50"]
[EventDate "2000.01.14"]
[EventType "team"]
[EventRounds "11"]
[EventCountry "ISR"]
[SourceTitle "CBM 077"]
[Source "ChessBase"]
[SourceDate "2000.07.27"]
[SourceVersion "1"]
[SourceVersionDate "2000.07.27"]
[SourceQuality "1"]
[WhiteTeam "Herzliya"]
[BlackTeam "Tel Aviv Ironi"]
[WhiteTeamCountry "ISR"]
[BlackTeamCountry "ISR"]

1. Nf3 Nf6 2. d4 g6 3. g3 Bg7 4. Bg2 d5 5. c4 O-O 6. cxd5 Nxd5 7. O-O Nb6 8.
Nc3 Nc6 9. d5 Na5 10. Qc2 Bd7 11. Rd1 c6 12. dxc6 Nxc6 13. Bf4 Qc8 14. Rac1 Bf5
15. Qb3 Be6 16. Qb5 (16. Qc2 Bf5) 16... Rd8 17. Qc5 (17. Rxd8+ Qxd8 18. Rd1 Qc8
$13) 17... Rxd1+ 18. Rxd1 h6 $5 {[%mdl 32] A fine move, that is taking away
from white an access to important square g5.} (18... Nc4 19. Bc1 b6 20. Qg5 $13
) 19. h4 (19. e4 Nc4 20. Nd5 Nxb2 21. Rd2 g5 $15) 19... Nc4 $1 20. Nd5 (20. Bc1
b6 21. Qb5 a6 22. Qa4 b5 23. Qc2 Ra7 $15) 20... Nxb2 21. Rc1 (21. Rb1 Bxd5 22.
Qxd5 Na4 $17) 21... Qd7 (21... Bxd5 $6 22. Qxd5 e6 23. Qb5 a6 24. Qb6 $11) 22.
Nc7 (22. Nc3 Rd8 23. Qb5 Nc4 24. Rd1 Nd6 $17) 22... Rd8 23. Qb5 (23. Nxe6 Qxe6
24. Qb5 Rd7 $17) 23... Bc4 $1 {Due to the strayed white knight on c7 the
tactics works fine for black, all his pieces are very active.} 24. Qxb7 (24.
Rxc4 Nxc4 25. Qxc4 e5 $19) 24... e5 $1 (24... Rb8 25. Ne5 Bxe5 26. Qxc6 Qxc6
27. Bxc6 Bxf4 28. gxf4 Rc8 29. a4 Rxc7 30. Bb5 a6 31. Bxa6 Rc6 32. Bb7 Re6 $19)
25. Nd2 (25. Qxb2 exf4 26. Qa3 Bxe2 27. Na6 fxg3 28. fxg3 Nd4 $19) (25. Be3 Rb8
26. Nxe5 Rxb7 27. Nxd7 Rxc7 $19) (25. Nxe5 Nxe5 26. Qxb2 Nf3+ $19) 25... Na5 (
25... Na5 26. Qxb2 (26. Qxa7 exf4 27. Nf1 Nc6 28. Qc5 Qxc7 $19) 26... exf4 27.
Qb4 Qxd2 $19) 0-1

[Event "Interzonal-16"]
[Site "Biel"]
[Date "1993.??.??"]
[Round "10"]
[White "Pigusov, Evgeny"]
[Black "Ye, Jiangchuan"]
[Result "1/2-1/2"]
[WhiteElo "2585"]
[BlackElo "2535"]
[Annotator "Ftacnik,L"]
[PlyCount "112"]
[EventDate "1993.07.16"]
[EventType "swiss"]
[EventRounds "13"]
[EventCountry "SUI"]
[SourceTitle "CBM 037"]
[Source "ChessBase"]
[SourceDate "1993.12.01"]
[SourceVersion "1"]
[SourceVersionDate "1993.12.01"]
[SourceQuality "1"]

1. Nf3 Nf6 2. c4 g6 3. g3 Bg7 4. Bg2 O-O 5. d4 d5 6. cxd5 Nxd5 7. O-O Nb6 8.
Nc3 Nc6 9. d5 Na5 10. Qc2 (10. e4) 10... c6 (10... Nxd5 11. Rd1 c6 $13) 11.
dxc6 Nxc6 12. Rd1 Qc7 13. Nb5 Qb8 14. Bf4 e5 15. Be3 Bf5 16. Qc5 Rc8 (16... Nd7
17. Qa3 $14) 17. Nd6 $1 Bf8 18. Ng5 (18. Nxe5 $2 Bxd6 19. Rxd6 Nxe5 20. Qxe5
Nc4 $19) 18... Bxd6 (18... f6 19. Bd5+ Kg7 20. Ngf7 $16) (18... Be6 19. Nxe6
fxe6 20. f4 $16) 19. Rxd6 $1 Nd4 20. Qxe5 Nxe2+ 21. Kf1 Nc4 22. Qf6 Nxd6 23.
Rd1 $1 (23. Kxe2 $2 Rc2+ 24. Ke1 Qd8 $19) 23... h6 $8 (23... Qc7 24. Rxd6 Qc4
25. Bd5 Nxg3+ 26. Kg2 Qf1+ 27. Kxg3 Qg1+ 28. Bg2 $18) 24. Nxf7 $1 (24. Rxd6
hxg5 25. Bxg5 (25. Kxe2 Re8 {/\ Re3}) 25... Rc1+ $1) 24... Nxf7 25. Bd5 Qc7 26.
Bxh6 Bh3+ 27. Ke1 (27. Kxe2 $2 Qc2+ 28. Rd2 Re8+ 29. Be3 Rxe3+ $1 $19) 27...
Qa5+ 28. b4 $1 Qxb4+ 29. Bd2 Qf8 (29... Qg4 30. Qxf7+ Kh8 31. Qf6+ Kh7 32. Qe7+
Kh8 33. Bh6 Rg8 (33... Qd7 34. Bg7+ Kh7 35. Bg8+ $18) 34. Bxg8 Rxg8 35. Rd8 $18
) 30. Qxg6+ Qg7 31. Bxf7+ Kh8 32. Qh5+ Qh7 33. Qe5+ Qg7 34. Qh5+ Qh7 35. Bh6 $3
$18 Qf5 (35... Bf5 36. Rd7 $1 {/\ Bg7} Rg8 37. Be6 $1 Qxd7 38. Bxd7 Bxd7 39.
Bf8#) 36. Rd5 $1 Qxh5 37. Rxh5 Bg4 38. Rh4 Bf5 39. Kxe2 Bh7 40. Rg4 (40. Bb3
$142) 40... Bg8 41. Bxg8 Rxg8 42. Rh4 Rgc8 43. Be3+ Kg7 44. Kd3 $6 (44. Rb4 $18
) 44... b5 45. Bd4+ Kg6 46. Rg4+ Kh6 47. h4 $2 (47. f4) 47... a5 48. Rg5 b4 49.
g4 a4 50. f4 Rd8 $1 $10 51. Rh5+ (51. f5 Rxd4+ $1 52. Kxd4 b3 53. Kc3 Rc8+ 54.
Kb2 Rc2+ 55. Kb1 Rxa2 $10) 51... Kg6 52. f5+ Kf7 53. Rh7+ Kg8 54. Rh8+ Kf7 55.
Rh7+ Kg8 56. Rh8+ Kf7 1/2-1/2

[Event "Hoogovens-B"]
[Site "Wijk aan Zee"]
[Date "1977.01.22"]
[Round "7"]
[White "Szmetan, Jorge"]
[Black "Van der Vliet, Fredrik"]
[Result "0-1"]
[WhiteElo "2435"]
[BlackElo "2340"]
[Annotator "Ftacnik,L"]
[PlyCount "73"]
[EventDate "1977.01.14"]
[EventType "tourn"]
[EventRounds "11"]
[EventCountry "NED"]
[EventCategory "7"]
[SourceTitle "MCL"]
[Source "ChessBase"]
[SourceDate "1999.07.01"]
[SourceVersion "1"]
[SourceVersionDate "1999.07.01"]
[SourceQuality "1"]

1. Nf3 Nf6 2. c4 g6 3. g3 Bg7 4. Bg2 O-O 5. O-O d5 6. cxd5 Nxd5 7. d4 Nb6 8.
Nc3 Nc6 9. e3 e5 10. d5 Na5 11. e4 c6 12. Bg5 f6 (12... Qd7) 13. Be3 cxd5 14.
Bxb6 Qxb6 15. Nxd5 Qd8 16. Rc1 (16. b4 $5 Nc6 17. Qb3 Be6 $1 18. Rfd1 $15)
16... Nc6 17. Qb3 Rf7 18. Rfd1 Be6 19. h4 $5 (19. Qa4) 19... Kh8 $5 20. Bf1 $5
Rd7 21. Bb5 Rd6 22. Qa4 Bxd5 23. Rxd5 Rxd5 24. exd5 Ne7 $1 25. Qb3 Nf5 (25...
Qxd5 26. Rc7) 26. Bf1 e4 27. Ne1 b6 28. Bg2 Nd4 29. Qc4 f5 $17 30. Kf1 Qd7 31.
f3 Re8 32. Rd1 b5 33. Qb4 Qxd5 34. f4 a5 $1 35. Qxa5 Qc4+ 36. Kg1 Qe2 37. Qd2 {
Time} 0-1

[Event "Moscow Aeroflot op-A"]
[Site "Moscow"]
[Date "2003.02.16"]
[Round "6"]
[White "Gagunashvili, Merab"]
[Black "Sutovsky, Emil"]
[Result "0-1"]
[WhiteElo "2563"]
[BlackElo "2651"]
[Annotator "Ftacnik,L"]
[PlyCount "106"]
[EventDate "2003.02.10"]
[EventType "swiss"]
[EventRounds "9"]
[EventCountry "RUS"]
[SourceTitle "CBM 094"]
[Source "ChessBase"]
[SourceDate "2003.05.26"]
[SourceVersion "1"]
[SourceVersionDate "2003.05.26"]
[SourceQuality "1"]

1. d4 Nf6 2. c4 g6 3. Nf3 Bg7 4. g3 d5 5. cxd5 Nxd5 6. Bg2 Nb6 7. Nc3 Nc6 8. e3
O-O 9. O-O Re8 10. Re1 e5 11. d5 Ne7 12. e4 Bg4 13. h3 Bxf3 14. Bxf3 c6 {
The inserted moves Re1,Re8 in the famous line could well be in the black's
benefit.} 15. Bg5 (15. a4 cxd5 16. exd5 Nf5 $11) (15. dxc6 Nxc6 16. Bg2 Nd4 $11
) 15... h6 16. Bxe7 (16. Be3 cxd5 17. exd5 (17. Bxb6 Qxb6 18. Nxd5 Nxd5 19.
exd5 f5 $15) 17... Nf5 $11) 16... Qxe7 17. Qb3 (17. dxc6 bxc6 $11) 17... cxd5
18. exd5 (18. Nxd5 Nxd5 19. Qxd5 $11) 18... Qd7 19. h4 (19. d6 Qxd6 20. Bxb7
Rab8 21. Bg2 $11) 19... f5 20. Be2 $6 {Gagunashvili is probably missing the
chance to fight for some advantage with the daring 20.d6+!?} (20. d6+ $5 Kh7
21. Rad1 Rad8 22. h5 $14) 20... Red8 21. a4 (21. h5 g5 22. d6+ Qf7 $11) 21...
Nc8 22. a5 (22. Nb5 Nd6 (22... Kh7 23. Rac1 Ne7 24. d6 Nc6 25. h5 $13) (22...
a6 23. Nc7 Ra7 24. Ne6 $16) 23. Nxd6 Qxd6 24. Qxb7 e4 $11) 22... Nd6 23. Na4 (
23. Nb5 e4 24. Red1 $11) 23... Rac8 24. Qe3 (24. Rac1 Rxc1 25. Rxc1 e4 $15)
24... f4 $1 {[%mdl 16] Excellent counterplay against the exposed kingside, the
knight on a4 is not a great piece at the moment.} (24... Qf7 25. Qxa7 Ra8 26.
Qb6 Qxd5 27. Red1 Qe6 28. Nc5 Qe7 29. Rd5 $14) 25. gxf4 (25. Qxa7 Qf5 26. Qb6
e4 $15) 25... exf4 (25... Nf5 26. Qxa7 Nxh4 27. Qe3 Nf5 28. Qe4 Rc7 29. Nb6 Qe8
30. fxe5 Qxe5 31. Qxe5 Bxe5 32. Nc4 Bd4 $14) 26. Qxf4 (26. Qxa7 Qh3 27. Ra3 f3
28. Rxf3 (28. Bxf3 Qxh4 29. Rd1 (29. Nb6 Bd4 30. Rf1 Rc2 $19) 29... Nb5 30. Qe3
Nxa3 $19) 28... Qg4+ 29. Rg3 Qxa4 $17) 26... Rf8 27. Qe3 (27. Qg4 Qxg4+ 28.
Bxg4 Rc4 29. Be6+ Kh7 30. Re2 Rxh4 $11) (27. Qg3 Qf7 28. Bg4 Nf5 29. Bxf5 Qxf5
30. Re6 Kh7 31. Nc3 Rc4 32. Ra4 Rxa4 33. Nxa4 Bd4 $15) 27... Rce8 28. Nc5 (28.
Qg3 Bd4 29. Qxg6+ Qg7 30. Qxg7+ Kxg7 31. Kh1 Bxf2 32. Rg1+ Bxg1 33. Rxg1+ Kf6
$15) 28... Qf5 29. Ne6 (29. Qg3 Bd4 30. Qxd6 Bxf2+ 31. Kg2 Bxe1 $19) 29... Qxd5
30. Nc7 $2 {Nervous decision in a dangerous position, white was still able to
hold balance with the move 30.Bg4!} (30. Bg4 $1 Qc4 (30... Nf5 31. Qf3 Qxf3 32.
Bxf3 Nxh4 33. Bxb7 Rb8 34. a6 Nf3+ 35. Bxf3 Rxf3 36. Nxg7 Kxg7 37. Re7+ Rf7 38.
Rxf7+ Kxf7 39. Rc1 $11) 31. Qg3 Ne4 32. Qc7 Qxc7 33. Nxc7 Re5 34. Ne6 Re8 35.
Re2 $11) 30... Rxe3 31. Nxd5 Re4 32. f3 (32. Bd3 Rg4+ (32... Rxh4 33. Ne7+ Kf7
34. Bxg6+ Kf6 35. Rad1 $11) 33. Kf1 Bd4 34. Re2 Rxh4 $17) 32... Bd4+ (32...
Rxh4 33. Rad1 Kh7 $17) 33. Kg2 Re5 (33... Rxh4 34. Rad1 Kh8 35. Ne7 (35. f4
Bxb2 36. Bd3 $17) 35... Kg7 36. Bd3 Rh5 $19) 34. Nc3 (34. Nc7 Bxb2 $19) 34...
Nf5 35. Bc4+ (35. h5 $2 Ne3+ 36. Kg3 Rg5+ 37. Kh3 Rxh5+ 38. Kg3 Nc2 $19) (35.
Kh3 Ne3 $17) 35... Kg7 36. Rxe5 Bxe5 (36... Nxh4+ 37. Kh1 Bxe5 38. Rd1 Rxf3 $17
) 37. Kh3 Nxh4 $1 {Now it is obvious, that white will have to pay for his sins
in a tactical endgame.} 38. Bd5 (38. Kxh4 Rf4+ 39. Kh3 Rxc4 $19) 38... Nxf3 39.
Bxb7 (39. Rf1 Ng5+ 40. Kg2 Rxf1 41. Kxf1 Bxc3 42. bxc3 b6 $19) 39... g5 (39...
Rf5 40. Bxf3 Rxf3+ 41. Kg2 Rg3+ $19) 40. Rd1 h5 41. Rd7+ Kh6 42. Ne4 (42. Be4
g4+ 43. Kg2 h4 $19) 42... g4+ 43. Kg2 h4 44. Nf2 h3+ 45. Kh1 (45. Nxh3 Ne1+ 46.
Kg1 gxh3 $19) 45... Nh2 46. Rd2 Kh5 47. b4 (47. Rd5 Rxf2 48. Rxe5+ Kh4 49. Re1
g3 $19) 47... Kh4 {Sutovsky plays with an honest ambition to win in mating
attack.} 48. b5 Nf1 49. Ra2 Ng3+ 50. Kg1 Bd4 51. b6 Re8 52. Kh2 Nf1+ 53. Kh1
Re1 0-1

[Event "Czerniak Memorial 13th"]
[Site "Tel Aviv"]
[Date "1997.??.??"]
[Round "5"]
[White "Rotstein, Arkadij"]
[Black "Manor, Ilan"]
[Result "1-0"]
[WhiteElo "2455"]
[BlackElo "2525"]
[Annotator "Ftacnik,L"]
[PlyCount "75"]
[EventDate "1997.04.04"]
[EventType "tourn"]
[EventRounds "11"]
[EventCountry "ISR"]
[EventCategory "10"]
[SourceTitle "CBM 059"]
[Source "ChessBase"]
[SourceDate "1997.08.01"]
[SourceVersion "1"]
[SourceVersionDate "1997.08.01"]
[SourceQuality "1"]

1. c4 Nf6 2. Nf3 g6 3. g3 Bg7 4. Bg2 O-O 5. O-O d5 6. cxd5 Nxd5 7. d4 Nb6 8.
Nc3 Nc6 9. d5 Na5 10. e4 c6 11. Bg5 h6 12. Bf4 Nac4 13. Qe2 e5 14. dxe6 Bxe6
15. Rfd1 (15. Rad1 Qe7 (15... Qc8 16. Nd4 (16. Qc2 g5 17. Bc1 Bg4 18. Rd3 Rd8
19. Rfd1 Qc7 20. b3 Ne5 21. Rxd8+ Rxd8 22. Rxd8+ Qxd8 23. Nxe5 Bxe5 {1/2-1/2
Akopian,V-Yermolinsky,A/Glendale USA-ARM (01)/ 1994 (33)}) 16... Bh3 17. b3 Ne5
18. Bxe5 Bxe5 19. f4 Bxg2 20. Kxg2 Bg7 21. e5 Re8 22. Qf3 {Wockenfuss,K-Stangl,
M/Munich op9192 (09)/1992/1/2-1/2 (50)}) 16. Nd4 Bd7 (16... Rad8 17. Nxe6 Qxe6
18. Bc1 (18. Rxd8 Rxd8 19. Rd1 Rxd1+ 20. Nxd1 $11) 18... Qe7 19. Nb1 Nd6 (19...
Rfe8 20. b3 Nd6 21. Ba3) 20. Na3 (20. b3 Nb5 $1) 20... Qe6 21. b3 Nd5 $1 22.
Bd2 f5 (22... Nc3 23. Bxc3 Bxc3 24. f4 $11) 23. e5 (23. Rfe1 fxe4 24. Bxe4 $2
Qxe4 25. Qxe4 Nxe4 26. Rxe4 Nc3 $19) 23... Bxe5 24. Bxd5 (24. Bxh6 Nc3 25. Qe1
Rfe8 $36) 24... cxd5 25. Bxh6 Rfe8 {Foisor,O-Ragozin,E/Bern op (08)/1992/0-1 
(58)}) 17. b3 Ne5 18. h3 (18. Bxe5 $5 Bxe5 19. f4 $14) 18... Qb4 19. Nb1 Rad8
20. Nc2 Qe7 21. Ne3 c5 22. Nc3 Nc6 23. Ncd5 {1/2-1/2 Demina,J-Klimova
Richtrova,E/Manila olw/1992/}) 15... Qe7 (15... Qc8 16. Nd4 Bh3 17. Rac1 Bxg2
18. Kxg2 Rd8 19. Nf3 Rxd1 20. Qxd1 Nxb2 21. Qe2 N2c4 22. Na4 Nxa4 23. Qxc4 Nb6
24. Qb4 Qe6 25. a4 c5 26. Qxc5 Qxe4 {0-1 Bjarnason,S-Ostenstad,B/Gausdal zt/
1987 (41)}) 16. Nd4 (16. b3 g5 17. Bd2 Nxd2 18. Qxd2 Bg4 19. Rac1 Rad8 20. Qe3
Rfe8 {Vadasz,L-Honfi,K/Budapest/1983/}) 16... Rfd8 (16... Bd7 17. Rac1 (17. b3
c5 18. bxc4 Bxd4 19. Rac1 $13) 17... c5 18. Ndb5 $14) 17. Nxe6 Qxe6 (17... fxe6
18. Rxd8+ Rxd8 19. Rd1 e5 20. Bc1 $14) 18. h4 Qe7 (18... Nxb2 $5 19. Qxb2 Na4
20. Nxa4 (20. Qxb7 Nxc3 21. Rd6 Qe8 22. Re1 $11) 20... Rxd1+ 21. Rxd1 Bxb2 22.
Nxb2 Qxa2 $17) 19. Rxd8+ Rxd8 20. Rd1 Re8 (20... Rxd1+ 21. Nxd1 Qe6 22. b3 $14)
21. b3 Ne5 (21... Bxc3 22. bxc4 Bg7 23. Be3 $14) 22. h5 Qc5 (22... g5 23. Be3
Ned7 24. Qc2) 23. Nb1 gxh5 24. Be3 (24. Qxh5 Qc2 25. Nd2 Ng6 26. Be3 Nd7 $132)
24... Qa5 (24... Qb4 25. Qxh5 $14) 25. Qxh5 Qxa2 26. Nd2 Qc2 27. Rf1 (27. Bxh6
$2 Bxh6 28. Qxh6 Qxd1+ $18) 27... Rd8 28. f4 Ned7 (28... Rxd2 29. Bxd2 Qxd2 30.
fxe5 Qe3+ 31. Kh2 Qxb3 32. Rd1 $40) 29. Qh4 Nf6 30. e5 Rd3 $2 {Black misses
the best defence and spoils well conducted counterplay. Schwarz verspielt der
beste Verteidigung und verpazt gut gefuhrter Gegenspiel.} (30... Rxd2 $1 31.
Bxd2 Qxd2 (31... Nfd5 32. Bc1 Qxb3 33. Qd8+ Bf8 34. Kh2 $13) 32. exf6 Qd4+ 33.
Kh1 Qxf6 34. Qxf6 Bxf6 35. Bf3 $11) 31. exf6 Rxe3 (31... Bxf6 32. Qg4+ Bg7 33.
Be4 $18) 32. fxg7 Kxg7 (32... Qxd2 33. Qxh6 $18) 33. Qg4+ Qg6 (33... Kf8 $1 34.
Rf2 Qc1+ 35. Bf1 $16) 34. Qxg6+ Kxg6 (34... fxg6 35. Kf2 $18) 35. Kf2 Rc3 36.
Re1 a5 37. Re7 a4 38. Rxb7 (38. Rxb7 Nd5 39. bxa4 $18) 1-0